| 000 | 00605nam a2200217Ia 4500 | ||
|---|---|---|---|
| 005 | 20260429112119.0 | ||
| 008 | 260429s9999||||xx |||||||||||||| ||und|| | ||
| 020 | _a9789395736510 | ||
| 041 | _aEnglish | ||
| 082 |
_a579 _bMUR |
||
| 100 | _aMuralidhar, Sumathi | ||
| 245 | 0 |
_aLippincott illustrated reviews microbiology / _cSumathi Muralidhar |
|
| 250 | _a2nd ed. | ||
| 260 |
_aHaryana : _bWolters Kluwer, _c2025. |
||
| 300 | _axv, 1062 p.; pbk | ||
| 650 | _aMicrobiology | ||
| 700 | _a Cornelissen, Cynthia | ||
| 700 | _a Hobbs, Marcia Metzgar | ||
| 700 | _a Shenoy M., Suchitra | ||
| 942 | _cTB | ||
| 999 |
_c52424 _d52424 |
||